000 01318nam0a2200337 4500
001 RU\NLR\bibl\847355
005 20250614150849.0
010 _a5-17-005353-3
_bАСТ
010 _a5-271-01427-4
_bАстрель
_930000
021 _aRU
_b2005-19972
_91017
035 _aRSL-KNO-002594084
035 _a(NLR Aleph) 000836124
090 _a1391309
_c1391309
100 _a20050421d2005 |||y0rusy50 ca
101 0 _arus
102 _aRU
105 _aa |||||||||
200 1 _aВолшебный клубок
_e700 новых узоров для вязания крючком
_f[ред.-сост. С. Кириянова]
210 _aМ.
_cАСТ
_cАстрель
_d2005
215 _a237,[2] с.
_cцв. ил.
_d27
606 1 _aВязание крючком
_92079518
_3RU\NLR\auth\661255404
610 0 _aПроизводства легкой промышленности -- Швейное производство -- Рукоделие -- Ручное вязание - Вязание крючком -- Популярные издания
686 _aМ483я9
_2rubbk
686 _aМ483
702 1 _aКириянова
_bС.
_4220
801 0 _aRU
_bRuMoRKP
_c20050421
_grcr
801 1 _aRU
_bRuMoRGB
_c20050421
801 2 _aRU
_bNLR
_c20051003
_grcr
942 _cBOOK
980 _aNB